00730nam a22001817a 45000050016000000100029000160200026000450350027000710370013000980820010001111000032001212450171001532600034003242700060003583000040004186000050004587000040005082012022806306.0 aENG-104825 B-460747-751 a9788192091204c795.00 aEN-88358 B-460747-751 bDBAD/PUB a915.4 aRousselet, Louisd1845-1929 aIndia and its native princes :cby Louis Rousselet ; revised and edited by Lieut Col. Bucklebtravels in central India and in the presidencies of Bombay and Bengal / aNew DelhibNiyogi Booksc2011 aD-78, Okhla Industrial Area, Phase-IbNew Delhie110020 axviii,619p. :c25cm(Hb)bill., maps aRousselet, Louis d1845-1929xTravel zIndia. aBuckle, Charles Randolphd1835-1920